Gender Differences in Mental Health, Institutional Misconduct, and Disciplinary Segregation
Despite a growing body of research on the use of disciplinary segregation within prisons, limited research has examined the role that mental health plays in this context, particularly across gender. This article advances theory and scholarship on disciplinary segregation by examining the role of men...
| Main Author: | |
|---|---|
| Format: | Electronic Article |
| Language: | English |
| Published: |
2019
|
| In: |
Criminal justice and behavior
Year: 2019, Volume: 46, Issue: 12, Pages: 1719-1737 |
| Online Access: |
Volltext (Resolving-System) |
| Check availability: | HBZ Gateway |
| Keywords: |
MARC
| LEADER | 00000caa a22000002c 4500 | ||
|---|---|---|---|
| 001 | 172446163X | ||
| 003 | DE-627 | ||
| 005 | 20251219204739.0 | ||
| 007 | cr uuu---uuuuu | ||
| 008 | 200713s2019 xx |||||o 00| ||eng c | ||
| 024 | 7 | |a 10.1177/0093854819869039 |2 doi | |
| 035 | |a (DE-627)172446163X | ||
| 035 | |a (DE-599)KXP172446163X | ||
| 040 | |a DE-627 |b ger |c DE-627 |e rda | ||
| 041 | |a eng | ||
| 084 | |a 2,1 |2 ssgn | ||
| 100 | 1 | |a Severson, Rachel E. |e VerfasserIn |4 aut | |
| 245 | 1 | 0 | |a Gender Differences in Mental Health, Institutional Misconduct, and Disciplinary Segregation |
| 264 | 1 | |c 2019 | |
| 336 | |a Text |b txt |2 rdacontent | ||
| 337 | |a Computermedien |b c |2 rdamedia | ||
| 338 | |a Online-Ressource |b cr |2 rdacarrier | ||
| 520 | |a Despite a growing body of research on the use of disciplinary segregation within prisons, limited research has examined the role that mental health plays in this context, particularly across gender. This article advances theory and scholarship on disciplinary segregation by examining the role of mental health, violence, and gender. Examining these relationships provides insight into the implications of individual characteristics on in-prison behavior and punishment. Using nationally representative data and logistic regression analyses, this article examines the extent to which mental health history influences disciplinary segregation, if violent misconduct mediates this relationship, and the extent to which gender conditions this relationship. Findings suggest that the measurement of mental health history and violent misconduct are influential in the relationship between mental health history and disciplinary segregation and that gender differences emerge. Implications for theory, research, and policy related to in-prison punishment emerge from the results. | ||
| 773 | 0 | 8 | |i Enthalten in |t Criminal justice and behavior |d Thousand Oaks, Calif. [u.a.] : Sage Publications, 1974 |g 46(2019), 12, Seite 1719-1737 |h Online-Ressource |w (DE-627)306656345 |w (DE-600)1500128-3 |w (DE-576)081985487 |x 1552-3594 |7 nnas |
| 773 | 1 | 8 | |g volume:46 |g year:2019 |g number:12 |g pages:1719-1737 |
| 787 | 0 | 8 | |i Forschungsdaten |a United States. Bureau of Justice Statistics |t Survey of Inmates in State and Federal Correctional Facilities, (United States), 2004 |d [Erscheinungsort nicht ermittelbar] : [Verlag nicht ermittelbar], 2007 |w (DE-627)1840039736 |
| 856 | 4 | 0 | |u https://doi.org/10.1177/0093854819869039 |x Resolving-System |3 Volltext |7 1 |
| 889 | |w (DE-627)1912565366 | ||
| 935 | |a mkri | ||
| 951 | |a AR | ||
| ELC | |a 1 | ||
| LOK | |0 000 xxxxxcx a22 zn 4500 | ||
| LOK | |0 001 3723909094 | ||
| LOK | |0 003 DE-627 | ||
| LOK | |0 004 172446163X | ||
| LOK | |0 005 20200713081856 | ||
| LOK | |0 008 200713||||||||||||||||ger||||||| | ||
| LOK | |0 040 |a DE-21-110 |c DE-627 |d DE-21-110 | ||
| LOK | |0 092 |o n | ||
| LOK | |0 689 |a s |a Corrections | ||
| LOK | |0 689 |a s |a Mental health | ||
| LOK | |0 689 |a s |a Gender | ||
| LOK | |0 689 |a s |a Prison misconduct | ||
| LOK | |0 689 |a s |a Incarcerated women | ||
| LOK | |0 852 |a DE-21-110 | ||
| LOK | |0 852 1 |9 00 | ||
| LOK | |0 935 |a krub |a krzo | ||
| LOK | |0 939 |a 13-07-20 |b l01 | ||
| LOK | |0 000 xxxxxcx a22 zn 4500 | ||
| LOK | |0 001 4637530865 | ||
| LOK | |0 003 DE-627 | ||
| LOK | |0 004 172446163X | ||
| LOK | |0 005 20251219115532 | ||
| LOK | |0 008 251219||||||||||||||||ger||||||| | ||
| LOK | |0 035 |a (DE-2619)ICPSR141042 | ||
| LOK | |0 040 |a DE-2619 |c DE-627 |d DE-2619 | ||
| LOK | |0 092 |o n | ||
| LOK | |0 852 |a DE-2619 | ||
| LOK | |0 852 1 |9 00 | ||
| LOK | |0 935 |a nacp | ||
| LOK | |0 939 |a 17-12-24 |b l01 | ||
| ORI | |a SA-MARC-krimdoka001.raw | ||
